| 000 | 00423ntaaa2200169 4500 | ||
|---|---|---|---|
| 003 | 01 | ||
| 005 | 20251027201837.0 | ||
| 008 | 0714s1973 ag 01 | ||
| 040 |
_aAR-BaBN _bspa _cAR-BaBN _eaacr _dRIC |
||
| 082 | _a244.1000 D87 | ||
| 100 |
_aDuff, Mildred _99102 |
||
| 245 | _aVida de Jesús | ||
| 250 | _a1 ed. | ||
| 260 |
_aBuenos Aires : _bJunta Bautista de Publicaciones, _cn.f. |
||
| 300 |
_a100 p ; _cilu. |
||
| 942 | _cBK | ||
| 999 |
_c13126 _d13126 |
||